[Event "CYCC U12 w"]
[Site "Ottawa CAN"]
[Date "2007.07.05"]
[Round "5"]
[White "Ruiter, Erika"]
[Black "Packo, Bianca"]
[Result "1-0"]
[WhiteElo "1198"]
[BlackElo "1192"]
[PlyCount "107"]
[GameId "2160767910659158"]
[EventDate "2007.07.03"]
[EventType "tourn"]
[EventRounds "7"]
[EventCountry "CAN"]
[SourceTitle "EXT 2022"]
[Source "ChessBase"]
[SourceDate "2021.10.06"]
[SourceVersion "1"]
[SourceVersionDate "2021.10.06"]
[SourceQuality "1"]

1. e4 Nc6 2. Nf3 e6 3. d4 Qf6 4. Bg5 Qg6 5. Bd3 Nxd4 6. Nxd4 Qxg5 7. Nf3 Qxg2 8. Rf1 Nf6 9. Rg1 Qh3 10. Rg3 Qh5 11. Rg5 Qh6 12. Nbd2 Bd6 13. e5 Bxe5 14. Rxe5 Ng4 15. Re4 Nf6 16. Rh4 Nh5 17. Nd4 Qg5 18. Qxh5 Qxh5 19. Rxh5 h6 20. O-O-O a5 21. f4 a4 22. a3 Ra5 23. Rxa5 g5 24. f5 h5 25. fxe6 fxe6 26. Rxg5 c5 27. N4f3 d5 28. c4 h4 29. cxd5 exd5 30. Rxd5 h3 31. Bf5 Kf7 32. Bxc8 Rxc8 33. Nc4 Re8 34. Rf5+ Ke7 35. Re5+ Kf8 36. Rxe8+ Kxe8 37. Ng5 b5 38. Na5 b4 39. Nxh3 Ke7 40. Rg1 Kd6 41. Nf2 Kd5 42. h4 Kd4 43. h5 bxa3 44. bxa3 c4 45. Nxc4 Kxc4 46. Kb2 Kb5 47. h6 Ka5 48. h7 Kb5 49. Rg4 Ka5 50. h8=Q Kb5 51. Qh5+ Kb6 52. Rg6+ Kb7 53. Qh7+ Ka8 54. Rg8# 1-0

[Event "CYCC U12 w"]
[Site "Ottawa CAN"]
[Date "2007.07.05"]
[Round "6"]
[White "Green, Leah"]
[Black "Botez, Alexandra"]
[Result "0-1"]
[WhiteElo "1448"]
[BlackElo "1780"]
[PlyCount "56"]
[GameId "2160767910659159"]
[EventDate "2007.07.03"]
[EventType "tourn"]
[EventRounds "7"]
[EventCountry "CAN"]
[SourceTitle "EXT 2022"]
[Source "ChessBase"]
[SourceDate "2021.10.06"]
[SourceVersion "1"]
[SourceVersionDate "2021.10.06"]
[SourceQuality "1"]

1. e4 e6 2. d4 d5 3. e5 c5 4. Nf3 Nc6 5. Be3 cxd4 6. Nxd4 Nxe5 7. Bb5+ Bd7 8. Nc3 Bb4 9. f4 Nc6 10. Nxc6 Bxc6 11. Bxc6+ bxc6 12. Bd2 Nf6 13. Qf3 Qa5 14. a3 Rc8 15. O-O Qb6+ 16. Be3 Bc5 17. Na4 Bxe3+ 18. Kh1 Qb5 19. b3 Bd4 20. Rad1 c5 21. Qg3 Ke7 22. Rde1 Ne4 23. Qh4+ Kd7 24. Rd1 Qe2 25. c3 Nf2+ 26. Kg1 Nxd1+ 27. cxd4 Ne3 28. Re1 Qxg2# 0-1

[Event "CYCC U12 w"]
[Site "Ottawa CAN"]
[Date "2007.07.05"]
[Round "6"]
[White "Mongenais, Valerie"]
[Black "Packo, Bianca"]
[Result "1-0"]
[WhiteElo "1241"]
[BlackElo "1192"]
[PlyCount "63"]
[GameId "2160767910659160"]
[EventDate "2007.07.03"]
[EventType "tourn"]
[EventRounds "7"]
[EventCountry "CAN"]
[SourceTitle "EXT 2022"]
[Source "ChessBase"]
[SourceDate "2021.10.06"]
[SourceVersion "1"]
[SourceVersionDate "2021.10.06"]
[SourceQuality "1"]

1. e4 Nc6 2. Nf3 e6 3. Nc3 Na5 4. d4 c6 5. Bf4 Qb6 6. Bd3 Qd8 7. O-O e5 8. Bxe5 d6 9. Bf4 Qf6 10. Qd2 Qg6 11. b4 Bh3 12. Nh4 Qg4 13. Bg3 Be7 14. gxh3 Qxh3 15. Qf4 g5 16. Qe3 gxh4 17. Bf4 Qg4+ 18. Kh1 h3 19. Rg1 Qh4 20. bxa5 Nf6 21. Qg3 Qh5 22. Be2 Qxa5 23. Bd2 h5 24. Qxh3 h4 25. Bc4 Qh5 26. Rg7 Rf8 27. Rb1 b6 28. a4 d5 29. exd5 cxd5 30. Ba6 Bd6 31. Bg5 Ng4 32. Bb5# 1-0

[Event "CYCC U12 w"]
[Site "Ottawa CAN"]
[Date "2007.07.05"]
[Round "6"]
[White "Plotkin, Rina"]
[Black "Ruiter, Erika"]
[Result "1-0"]
[WhiteElo "1259"]
[BlackElo "1198"]
[PlyCount "155"]
[GameId "2160767910659161"]
[EventDate "2007.07.03"]
[EventType "tourn"]
[EventRounds "7"]
[EventCountry "CAN"]
[SourceTitle "EXT 2022"]
[Source "ChessBase"]
[SourceDate "2021.10.06"]
[SourceVersion "1"]
[SourceVersionDate "2021.10.06"]
[SourceQuality "1"]

1. e4 Nf6 2. Nc3 d5 3. exd5 Nxd5 4. d4 Nxc3 5. bxc3 g6 6. Nf3 Bg7 7. Bc4 O-O 8. O-O Bf5 9. Bf4 Nd7 10. Re1 h6 11. Qd2 Kh7 12. Re2 Nb6 13. Bd3 Bxd3 14. Qxd3 Nd5 15. Bg3 Re8 16. c4 Nb4 17. Qc3 Nc6 18. Rd1 f6 19. d5 f5 20. Ne5 Nxe5 21. Bxe5 Bxe5 22. Qxe5 c6 23. Rd3 Qd6 24. Rde3 Qxe5 25. Rxe5 Kg8 26. Rxe7 Rxe7 27. Rxe7 cxd5 28. cxd5 Rd8 29. Re5 Kf7 30. f4 Kf6 31. Kf2 g5 32. g3 Rc8 33. h4 gxh4 34. gxh4 Rxc2+ 35. Ke3 Rc8 36. Kd4 b5 37. d6 Rd8 38. Kd5 a5 39. Kc6 Kf7 40. Kc7 Rg8 41. d7 a4 42. d8=Q Rxd8 43. Kxd8 b4 44. Rxf5+ Ke6 45. Rb5 b3 46. axb3 a3 47. Ra5 a2 48. Rxa2 Kf5 49. Ra5+ Kxf4 50. Rh5 Ke4 51. Kd7 Kd4 52. Kc6 Kc3 53. b4 Kxb4 54. Rf5 Kc4 55. Rf4+ Kd3 56. Kd5 Ke3 57. Ra4 Kf3 58. Ke5 Kg3 59. Kf5 Kh3 60. Kg6 h5 61. Kg5 Kg3 62. Ra3+ Kf2 63. Kxh5 Ke2 64. Kg4 Kd2 65. Rh3 Kc2 66. Kf4 Kb2 67. Ke4 Ka2 68. Kd4 Kb2 69. Kc4 Ka2 70. Kb4 Kb2 71. Rh2+ Kc1 72. Kc3 Kd1 73. Ra2 Ke1 74. Kd3 Kf1 75. Ke3 Kg1 76. Kf3 Kh1 77. Kg3 Kg1 78. Ra1# 1-0

[Event "CYCC U12 w"]
[Site "Ottawa CAN"]
[Date "2007.07.05"]
[Round "6"]
[White "Roy, Myriam"]
[Black "Powell, Ashley"]
[Result "1-0"]
[WhiteElo "1978"]
[BlackElo "1106"]
[PlyCount "71"]
[GameId "2160767910659162"]
[EventDate "2007.07.03"]
[EventType "tourn"]
[EventRounds "7"]
[EventCountry "CAN"]
[SourceTitle "EXT 2022"]
[Source "ChessBase"]
[SourceDate "2021.10.06"]
[SourceVersion "1"]
[SourceVersionDate "2021.10.06"]
[SourceQuality "1"]

1. e4 e5 2. Nf3 Nc6 3. d4 d6 4. dxe5 dxe5 5. Qxd8+ Nxd8 6. Nxe5 Bb4+ 7. Bd2 Bc5 8. Bc4 Nf6 9. Nc3 O-O 10. Nd3 Bd6 11. O-O Ng4 12. h3 Bh2+ 13. Kh1 Nxf2+ 14. Kxh2 Nxd3 15. cxd3 Be6 16. Bxe6 Nxe6 17. Rad1 Rae8 18. Be3 Re7 19. d4 c6 20. d5 cxd5 21. exd5 Nd8 22. Bc5 Ree8 23. Bxf8 Rxf8 24. d6 Nc6 25. Nd5 h6 26. Ne7+ Kh7 27. Nxc6 bxc6 28. d7 Rd8 29. Rxf7 Kg8 30. Re7 Kf8 31. Rde1 Rxd7 32. Rxd7 g5 33. Ree7 a5 34. Ra7 c5 35. Reb7 c4 36. Rb8# 1-0

[Event "CYCC U12 w"]
[Site "Ottawa CAN"]
[Date "2007.07.06"]
[Round "7"]
[White "Botez, Alexandra"]
[Black "Mongenais, Valerie"]
[Result "1-0"]
[WhiteElo "1780"]
[BlackElo "1241"]
[PlyCount "81"]
[GameId "2160767910659163"]
[EventDate "2007.07.03"]
[EventType "tourn"]
[EventRounds "7"]
[EventCountry "CAN"]
[SourceTitle "EXT 2022"]
[Source "ChessBase"]
[SourceDate "2021.10.06"]
[SourceVersion "1"]
[SourceVersionDate "2021.10.06"]
[SourceQuality "1"]

1. d4 d5 2. c4 e6 3. Nc3 Nf6 4. Nf3 Nc6 5. Bg5 Be7 6. e3 O-O 7. Bd3 Re8 8. O-O h6 9. Bh4 b5 10. Nxb5 Ba6 11. a3 Bxb5 12. cxb5 Na5 13. Rc1 Ng4 14. Bg3 Rc8 15. Qa4 Nb7 16. Qxa7 Nd6 17. Qa4 Ne4 18. Bxe4 dxe4 19. Ne5 Nxe5 20. Bxe5 Bd6 21. Bxd6 cxd6 22. Rxc8 Qxc8 23. b6 Qb8 24. Qb5 Re7 25. a4 Qa8 26. a5 e5 27. a6 Qe8 28. Qxe8+ Rxe8 29. b7 exd4 30. exd4 d5 31. a7 Rf8 32. b8=Q Rxb8 33. axb8=Q+ Kh7 34. Rc1 e3 35. Rc8 Kg6 36. Qd6+ Kf5 37. Qe5+ Kg6 38. h4 f6 39. h5+ Kh7 40. Qf5+ g6 41. Qxg6# 1-0

[Event "CYCC U12 w"]
[Site "Ottawa CAN"]
[Date "2007.07.06"]
[Round "7"]
[White "Packo, Bianca"]
[Black "Plotkin, Rina"]
[Result "0-1"]
[WhiteElo "1192"]
[BlackElo "1259"]
[PlyCount "56"]
[GameId "2160767910659164"]
[EventDate "2007.07.03"]
[EventType "tourn"]
[EventRounds "7"]
[EventCountry "CAN"]
[SourceTitle "EXT 2022"]
[Source "ChessBase"]
[SourceDate "2021.10.06"]
[SourceVersion "1"]
[SourceVersionDate "2021.10.06"]
[SourceQuality "1"]

1. Nf3 d5 2. d4 Nc6 3. Qd2 Nf6 4. h4 Bf5 5. Qf4 Bxc2 6. e3 a6 7. Be2 e6 8. Ng5 Bd6 9. Qf3 h6 10. Rh3 hxg5 11. hxg5 Rxh3 12. Qxh3 Ne4 13. Qh8+ Bf8 14. b3 Nxg5 15. Ba3 Ne7 16. Nc3 Qd7 17. Qh5 Ne4 18. Bg4 Nxc3 19. Kd2 Bg6 20. Qe5 Nb5 21. Bb4 Nc6 22. Qh2 Bxb4+ 23. Ke2 O-O-O 24. Rc1 Nc3+ 25. Kf3 Be4+ 26. Kf4 Qd6+ 27. Kg5 f6+ 28. Kh5 Qxh2+ 0-1

[Event "CYCC U12 w"]
[Site "Ottawa CAN"]
[Date "2007.07.06"]
[Round "7"]
[White "Powell, Ashley"]
[Black "Green, Leah"]
[Result "1-0"]
[WhiteElo "1106"]
[BlackElo "1448"]
[PlyCount "43"]
[GameId "2160767910659165"]
[EventDate "2007.07.03"]
[EventType "tourn"]
[EventRounds "7"]
[EventCountry "CAN"]
[SourceTitle "EXT 2022"]
[Source "ChessBase"]
[SourceDate "2021.10.06"]
[SourceVersion "1"]
[SourceVersionDate "2021.10.06"]
[SourceQuality "1"]

1. e4 e5 2. Nf3 Nc6 3. Bc4 Be7 4. Nc3 d6 5. O-O Bh4 6. d4 Bg4 7. Bxf7+ Kxf7 8. Ng5+ Bxg5 9. Qxg4 Bxc1 10. Raxc1 Nxd4 11. f4 Nf6 12. fxe5 dxe5 13. Qh5+ g6 14. Qg4 Kg7 15. Qg5 Nxe4 16. Qxe5+ Nf6 17. Ne4 Ne2+ 18. Kh1 Nxc1 19. Nxf6 h6 20. Ng4+ Kh7 21. Rf7+ Kg8 22. Qg7# 1-0

[Event "CYCC U12 w"]
[Site "Ottawa CAN"]
[Date "2007.07.06"]
[Round "7"]
[White "Ruiter, Erika"]
[Black "Roy, Myriam"]
[Result "0-1"]
[WhiteElo "1198"]
[BlackElo "1978"]
[PlyCount "84"]
[GameId "2160767910659166"]
[EventDate "2007.07.03"]
[EventType "tourn"]
[EventRounds "7"]
[EventCountry "CAN"]
[SourceTitle "EXT 2022"]
[Source "ChessBase"]
[SourceDate "2021.10.06"]
[SourceVersion "1"]
[SourceVersionDate "2021.10.06"]
[SourceQuality "1"]

1. e4 c5 2. b3 Nc6 3. Bb5 d6 4. Bxc6+ bxc6 5. Bb2 Nf6 6. d3 e5 7. Nd2 Be7 8. Ne2 O-O 9. O-O Nh5 10. f4 exf4 11. Nxf4 Nxf4 12. Rxf4 d5 13. e5 Bg5 14. Rf1 Be3+ 15. Kh1 Qg5 16. Nf3 Qh5 17. Qe2 Bf4 18. Bc1 Bxh2 19. Rb1 Bxe5+ 20. Kg1 Bh2+ 21. Kf2 Bg4 22. g3 Qh3 23. Bf4 g5 24. Bd6 Rfe8 25. Qd2 h6 26. Rfe1 Bh5 27. Rxe8+ Rxe8 28. Re1 Rd8 29. Bc7 Rc8 30. Bd6 Qf5 31. Qd1 g4 32. Rh1 gxf3 33. Rxh2 Re8 34. Kf1 Re2 35. Rf2 Qh3+ 36. Kg1 Rxf2 37. Kxf2 Qg2+ 38. Ke3 d4+ 39. Ke4 f2+ 40. Ke5 Bxd1 41. Bxc5 f1=Q 42. Bxd4 Qd5# 0-1

[Event "CYCC U12 w playoff"]
[Site "Ottawa CAN"]
[Date "2007.07.06"]
[Round "1"]
[White "Botez, Alexandra"]
[Black "Roy, Myriam"]
[Result "1-0"]
[WhiteElo "1780"]
[BlackElo "1978"]
[PlyCount "85"]
[GameId "2160767910642426"]
[EventDate "2007.07.06"]
[EventType "tourn"]
[EventCountry "CAN"]
[SourceTitle "EXT 2022"]
[Source "ChessBase"]
[SourceDate "2021.10.06"]
[SourceVersion "1"]
[SourceVersionDate "2021.10.06"]
[SourceQuality "1"]

1. d4 d5 2. c4 e6 3. Nf3 Nf6 4. Nc3 Be7 5. Bg5 O-O 6. e3 h6 7. Bh4 c6 8. Bd3 Nbd7 9. O-O b6 10. cxd5 cxd5 11. a3 Bb7 12. Rc1 Rc8 13. Qe2 Ne4 14. Bxe7 Qxe7 15. Bxe4 dxe4 16. Nd2 f5 17. Nb3 Nf6 18. Rc2 Nd5 19. Rfc1 Qd7 20. Nd2 Rc7 21. Nc4 Ba6 22. Ne5 Qc8 23. Qd2 Nxc3 24. Rxc3 Rxc3 25. Rxc3 Qb7 26. Qc1 Rc8 27. b4 Rxc3 28. Qxc3 Qc8 29. Qxc8+ Bxc8 30. Nc6 Bd7 31. Ne5 Bb5 32. g4 Kf8 33. Kg2 Ke7 34. f3 fxg4 35. fxg4 Kf6 36. Kg3 g6 37. Kf4 g5+ 38. Kxe4 Bf1 39. Kf3 Ba6 40. e4 Bb7 41. Ke3 b5 42. Nd7+ Ke7 43. Nc5 1-0

[Event "CYCC U12 w playoff"]
[Site "Ottawa CAN"]
[Date "2007.07.06"]
[Round "1"]
[White "Ruiter, Erika"]
[Black "Powell, Ashley"]
[Result "1-0"]
[WhiteElo "1198"]
[BlackElo "1106"]
[PlyCount "111"]
[GameId "2160767910642427"]
[EventDate "2007.07.06"]
[EventType "tourn"]
[EventCountry "CAN"]
[SourceTitle "EXT 2022"]
[Source "ChessBase"]
[SourceDate "2021.10.06"]
[SourceVersion "1"]
[SourceVersionDate "2021.10.06"]
[SourceQuality "1"]

1. e4 e5 2. d4 exd4 3. Nf3 Nf6 4. Qxd4 Nc6 5. Qd3 Nb4 6. Qd1 Nxe4 7. a3 Nc6 8. Nbd2 Nf6 9. Bc4 Bc5 10. O-O d5 11. Bb5 O-O 12. Bxc6 bxc6 13. Nb3 Bb6 14. Bf4 Ng4 15. Qd2 Bxf2+ 16. Rxf2 Nxf2 17. Qxf2 Ba6 18. Rd1 Re8 19. h3 Re2 20. Qc5 Qd7 21. Re1 Rxe1+ 22. Nxe1 Re8 23. Nf3 Re2 24. Qxa7 h6 25. Qxa6 Rxc2 26. Be5 f6 27. Bd4 c5 28. Bxc5 Rxb2 29. Qd3 c6 30. Nfd4 Ra2 31. Qe3 Qf7 32. Qe6 Qxe6 33. Nxe6 g5 34. Bb4 c5 35. Nbxc5 Kf7 36. Nd4 Ra1+ 37. Kh2 h5 38. a4 g4 39. hxg4 hxg4 40. a5 Kg6 41. a6 Kh5 42. Nc6 Kh4 43. g3+ Kg5 44. a7 f5 45. Ba5 Ra2+ 46. Kg1 Ra1+ 47. Kf2 Ra2+ 48. Ke1 Ra1+ 49. Kd2 f4 50. gxf4+ Kxf4 51. a8=Q g3 52. Nd3+ Kf3 53. Qf8+ Kg2 54. Ne1+ Kg1 55. Bb6+ Kh1 56. Qh8# 1-0

[Event "CYCC U14"]
[Site "Ottawa CAN"]
[Date "2007.07.03"]
[Round "1"]
[White "Abdulla, Adil"]
[Black "MacKinnon, Keith"]
[Result "0-1"]
[WhiteElo "523"]
[BlackElo "1914"]
[PlyCount "68"]
[GameId "2160767910659167"]
[EventDate "2007.07.03"]
[EventType "swiss"]
[EventRounds "7"]
[EventCountry "CAN"]
[SourceTitle "EXT 2022"]
[Source "ChessBase"]
[SourceDate "2021.10.06"]
[SourceVersion "1"]
[SourceVersionDate "2021.10.06"]
[SourceQuality "1"]

1. e4 e5 2. Nf3 Nc6 3. Nc3 Nf6 4. d3 Bc5 5. a3 Ng4 6. Qd2 Nxf2 7. Rg1 Ng4 8. Rh1 Bf2+ 9. Kd1 Be3 10. Qe2 Nf2+ 11. Ke1 Bxc1 12. Qxf2 Bxb2 13. Ra2 Bxc3+ 14. Kd1 d6 15. Qg3 Qf6 16. Qg5 Be6 17. Qxf6 gxf6 18. d4 Nxd4 19. Nxd4 exd4 20. g3 Bxa2 21. Bg2 O-O-O 22. Bh3+ Be6 23. Bxe6+ fxe6 24. Rf1 f5 25. exf5 exf5 26. Rxf5 Rde8 27. Rf1 Rhf8 28. Rg1 Rf2 29. Kc1 a5 30. Kb1 a4 31. Rc1 Rfe2 32. Ka2 Re1 33. Rxe1 Rxe1 34. h4 Ra1# 0-1

[Event "CYCC U14"]
[Site "Ottawa CAN"]
[Date "2007.07.03"]
[Round "1"]
[White "Blair, Michael"]
[Black "Sundar, Avinaash"]
[Result "0-1"]
[WhiteElo "1470"]
[BlackElo "2081"]
[PlyCount "128"]
[GameId "2160767910659168"]
[EventDate "2007.07.03"]
[EventType "swiss"]
[EventRounds "7"]
[EventCountry "CAN"]

1. Nf3 c5 2. c4 Nf6 3. Nc3 d5 4. cxd5 Nxd5 5. e4 Nb6 6. d4 cxd4 7. Qxd4 Qxd4 8. Nxd4 e5 9. Nf3 Nc6 10. Bb5 Bd6 11. Be3 Bg4 12. Rd1 O-O-O 13. Bxb6 axb6 14. Nd5 Bb4+ 15. Nxb4 Nxb4 16. Rc1+ Kb8 17. Nxe5 Nxa2 18. Ra1 Be6 19. O-O Nb4 20. Rfd1 Nc2 21. Rac1 Nd4 22. Bf1 f6 23. Nc4 Nb3 24. Rxd8+ Rxd8 25. Rc3 Rd1 26. Ne3 Rb1 27. Rc2 Nc5 28. Rd2 Nxe4 29. Rd4 f5 30. f3 Nf6 31. Rd6 Bd7 32. Rxb6 f4 33. Nc4 Nd5 34. Rd6 Bb5 35. Nd2 Rd1 36. Rxd5 Bxf1 37. Kf2 Bb5 38. Rxb5 Rxd2+ 39. Kf1 h6 40. Rb4 g5 41. Rb6 Kc7 42. Rxh6 Rxb2 43. Rh5 Rb5 44. h4 Rb1+ 45. Kf2 Rh1 46. Rxg5 Rxh4 47. Rg7+ Kc6 48. Rg6+ Kc5 49. Rg5+ Kc4 50. Re5 b5 51. Re4+ Kc3 52. Re8 b4 53. Rc8+ Kb2 54. Rb8 b3 55. Rb7 Kc2 56. Rc7+ Kb1 57. Rb7 b2 58. Rb8 Rh1 59. Rxb2+ Kxb2 60. Ke2 Kc3 61. Kf2 Kd3 62. g4 Rh3 63. Kg2 Rg3+ 64. Kf2 Kd2 0-1

[Event "CYCC U14"]
[Site "Ottawa CAN"]
[Date "2007.07.03"]
[Round "1"]
[White "Calugar, Arthur"]
[Black "Parker, Dylan"]
[Result "1-0"]
[WhiteElo "2076"]
[BlackElo "1434"]
[PlyCount "53"]
[GameId "2160767910659169"]
[EventDate "2007.07.03"]
[EventType "swiss"]
[EventRounds "7"]
[EventCountry "CAN"]
[SourceTitle "EXT 2022"]
[Source "ChessBase"]
[SourceDate "2021.10.06"]
[SourceVersion "1"]
[SourceVersionDate "2021.10.06"]
[SourceQuality "1"]

1. b3 d5 2. Bb2 Nc6 3. e3 Nf6 4. f4 Bf5 5. Nf3 e6 6. Bb5 a6 7. Bxc6+ bxc6 8. Ne5 c5 9. O-O Bd6 10. d3 O-O 11. Nd2 Bxe5 12. fxe5 Bg4 13. Qe1 Nd7 14. Qg3 Bh5 15. d4 Rb8 16. dxc5 Nxc5 17. Ba3 Rb5 18. c4 dxc4 19. bxc4 Qxd2 20. cxb5 Qc3 21. e4 Qd4+ 22. Qf2 Qxf2+ 23. Rxf2 Nxe4 24. Bxf8 Nxf2 25. Kxf2 Kxf8 26. bxa6 Bg6 27. Ke3 1-0

[Event "CYCC U14"]
[Site "Ottawa CAN"]
[Date "2007.07.03"]
[Round "1"]
[White "Fan, Brendan"]
[Black "Labonte, Cameron"]
[Result "1-0"]
[WhiteElo "1914"]
[BlackElo "1048"]
[PlyCount "71"]
[GameId "2160767910659170"]
[EventDate "2007.07.03"]
[EventType "swiss"]
[EventRounds "7"]
[EventCountry "CAN"]
[SourceTitle "EXT 2022"]
[Source "ChessBase"]
[SourceDate "2021.10.06"]
[SourceVersion "1"]
[SourceVersionDate "2021.10.06"]
[SourceQuality "1"]

1. e4 e6 2. d4 d5 3. Nd2 Nf6 4. e5 Nfd7 5. Bd3 c5 6. c3 Nc6 7. Ne2 Ndxe5 8. dxe5 Nxe5 9. Bb5+ Bd7 10. Bxd7+ Kxd7 11. O-O Bd6 12. Ng3 c4 13. Nf3 Qb6 14. Nxe5+ Bxe5 15. Qe2 f6 16. Be3 d4 17. cxd4 Bxd4 18. Bxd4 Qxd4 19. Rfd1 Qd3 20. Rxd3+ cxd3 21. Qxd3+ Ke7 22. Rc1 Rad8 23. Qa3+ Kf7 24. Qxa7 Rd7 25. h3 Ke7 26. Qc5+ Rd6 27. Ne4 Rhd8 28. Nxd6 Rxd6 29. Rd1 f5 30. Rxd6 h6 31. Qc7+ Kf6 32. f4 g5 33. Qd7 gxf4 34. Rxe6+ Kg5 35. Qg7+ Kh5 36. Rxh6# 1-0

[Event "CYCC U14"]
[Site "Ottawa CAN"]
[Date "2007.07.03"]
[Round "1"]
[White "Izquierdo, Felipe"]
[Black "Huang, Richard"]
[Result "0-1"]
[WhiteElo "1375"]
[BlackElo "1984"]
[PlyCount "76"]
[GameId "2160767910659171"]
[EventDate "2007.07.03"]
[EventType "swiss"]
[EventRounds "7"]
[EventCountry "CAN"]
[SourceTitle "EXT 2022"]
[Source "ChessBase"]
[SourceDate "2021.10.06"]
[SourceVersion "1"]
[SourceVersionDate "2021.10.06"]
[SourceQuality "1"]

1. e4 c5 2. Nf3 e6 3. d4 cxd4 4. Qxd4 Nc6 5. Qd1 Qc7 6. Nc3 a6 7. a3 Nf6 8. Be3 b5 9. b4 Nxb4 10. Nxb5 axb5 11. axb4 Qc3+ 12. Bd2 Qxa1 13. Qxa1 Rxa1+ 14. Ke2 Nxe4 15. Nd4 Nxd2 16. Kxd2 Bxb4+ 17. c3 Bc5 18. f3 Bxd4 19. cxd4 b4 20. Kc2 Ba6 21. Kb3 Rxf1 22. Rxf1 Bxf1 23. g4 Be2 24. Kxb4 Bxf3 25. h3 O-O 26. Kc5 f5 27. g5 f4 28. Kd6 Bc6 29. h4 f3 30. g6 hxg6 31. h5 gxh5 32. d5 exd5 33. Ke7 f2 34. Kd6 f1=Q 35. Kc7 Qf4+ 36. Kb6 Rb8+ 37. Ka7 Rb7+ 38. Ka6 Qa4# 0-1

[Event "CYCC U14"]
[Site "Ottawa CAN"]
[Date "2007.07.03"]
[Round "1"]
[White "Jiang, Louie"]
[Black "Wu, Yilun"]
[Result "1-0"]
[WhiteElo "2225"]
[BlackElo "1715"]
[PlyCount "39"]
[GameId "2160767910659172"]
[EventDate "2007.07.03"]
[EventType "swiss"]
[EventRounds "7"]
[EventCountry "CAN"]
[SourceTitle "EXT 2022"]
[Source "ChessBase"]
[SourceDate "2021.10.06"]
[SourceVersion "1"]
[SourceVersionDate "2021.10.06"]
[SourceQuality "1"]

1. e4 c5 2. Nf3 Nc6 3. d4 cxd4 4. Nxd4 e5 5. Nb5 a6 6. Nd6+ Bxd6 7. Qxd6 Qf6 8. Qd1 Qg6 9. Nc3 Nge7 10. Be3 O-O 11. Qd2 d5 12. exd5 Nb4 13. O-O-O Rd8 14. Bc5 Nbc6 15. Bd3 e4 16. dxc6 Nxc6 17. Nxe4 Qxg2 18. Rdg1 Qf3 19. Qh6 Bg4 20. Nf6+ 1-0

[Event "CYCC U14"]
[Site "Ottawa CAN"]
[Date "2007.07.03"]
[Round "1"]
[White "Keith-Jacques, Liam"]
[Black "Jankiewicz, Skyler"]
[Result "1-0"]
[WhiteElo "1982"]
[BlackElo "1295"]
[PlyCount "193"]
[GameId "2160767910659173"]
[EventDate "2007.07.03"]
[EventType "swiss"]
[EventRounds "7"]
[EventCountry "CAN"]
[SourceTitle "EXT 2022"]
[Source "ChessBase"]
[SourceDate "2021.10.06"]
[SourceVersion "1"]
[SourceVersionDate "2021.10.06"]
[SourceQuality "1"]

1. e4 e5 2. Nf3 Nc6 3. Bb5 f6 4. d4 a6 5. Bxc6 dxc6 6. dxe5 Qxd1+ 7. Kxd1 Bg4 8. exf6 O-O-O+ 9. Nbd2 Nxf6 10. Re1 Bc5 11. Ke2 Rhe8 12. Kf1 h6 13. Nb3 Bb6 14. Nfd2 Bh5 15. f3 g5 16. Nc4 g4 17. Nxb6+ cxb6 18. Kf2 gxf3 19. gxf3 Rf8 20. h3 Nxe4+ 21. Rxe4 Rxf3+ 22. Ke1 Rd1+ 23. Kxd1 Re3+ 24. Kd2 Rxe4 25. Kd3 Rh4 26. Be3 Rxh3 27. Rf1 Rh2 28. Rf2 Rxf2 29. Bxf2 Bg6+ 30. Kd2 Kc7 31. Nd4 Kd6 32. c3 b5 33. Ne2 Bf7 34. a3 Kd5 35. Nd4 c5 36. Nf5 h5 37. Ke3 Ke5 38. Nh4 b6 39. Bg3+ Kd5 40. Bc7 Kc6 41. Bd8 a5 42. b4 cxb4 43. cxb4 axb4 44. axb4 Kd5 45. Bxb6 Kc4 46. Bc5 Be6 47. Kf4 Bf7 48. Kg5 Be8 49. Nf5 Kd5 50. Ng3 Kc4 51. Nxh5 Kb3 52. Nf6 Bc6 53. Kf5 Kc4 54. Ke5 Bb7 55. Ne4 Ba8 56. Nd6+ Kb3 57. Nxb5 Kc4 58. Nc7 Bc6 59. Kd6 Ba4 60. Ne6 Kb5 61. Nd4+ Kc4 62. Kc7 Kd5 63. Kb6 Kc4 64. b5 Bxb5 65. Nxb5 Kd5 66. Nc7+ Ke5 67. Kc6 Ke4 68. Kd6 Kd3 69. Kd5 Kc3 70. Nb5+ Kd2 71. Kd4 Ke2 72. Ke4 Kf1 73. Nc3 Kg2 74. Kf4 Kh1 75. Kf3 Kh2 76. Ne2 Kh1 77. Ng3+ Kh2 78. Ba7 Kh3 79. Bg1 Kh4 80. Ne4 Kh3 81. Ng5+ Kh4 82. Kf4 Kh5 83. Kf5 Kh4 84. Bf2+ Kh5 85. Bg3 Kh6 86. Ne6 Kh5 87. Bf2 Kh6 88. Bd4 Kh5 89. Bf6 Kh6 90. Bg5+ Kh7 91. Kf6 Kg8 92. Kg6 Kh8 93. Bh6 Kg8 94. Ng5 Kh8 95. Ne4 Kg8 96. Nf6+ Kh8 97. Bg7# 1-0

[Event "CYCC U14"]
[Site "Ottawa CAN"]
[Date "2007.07.03"]
[Round "1"]
[White "Labrador, Jhoyner"]
[Black "Martchenko, Alexander"]
[Result "0-1"]
[WhiteElo "1533"]
[BlackElo "2145"]
[PlyCount "57"]
[GameId "2160767910659174"]
[EventDate "2007.07.03"]
[EventType "swiss"]
[EventRounds "7"]
[EventCountry "CAN"]
[SourceTitle "EXT 2022"]
[Source "ChessBase"]
[SourceDate "2021.10.06"]
[SourceVersion "1"]
[SourceVersionDate "2021.10.06"]
[SourceQuality "1"]

1. d4 d5 2. c4 e6 3. Nc3 c6 4. Nf3 dxc4 5. e4 b5 6. a4 Bb4 7. Bd2 Nf6 8. axb5 Bxc3 9. Bxc3 cxb5 10. e5 Nd5 11. Ba5 Qd7 12. Qc2 Bb7 13. b3 cxb3 14. Qxb3 a6 15. Nd2 Ne7 16. Qb2 Nf5 17. Nb3 O-O 18. Nc5 Qd5 19. Bc3 Nd7 20. Nxb7 Qxb7 21. Qd2 Rfc8 22. f3 Nb6 23. Bd3 Nd5 24. Be4 Nfe7 25. O-O b4 26. Bxb4 Qxb4 27. Qxb4 Nxb4 28. Bxa8 Rxa8 29. Rfb1 0-1

[Event "CYCC U14"]
[Site "Ottawa CAN"]
[Date "2007.07.03"]
[Round "1"]
[White "Poulin, Mathieu"]
[Black "Gibson, Kevin"]
[Result "0-1"]
[WhiteElo "1107"]
[BlackElo "1925"]
[PlyCount "116"]
[GameId "2160767910659175"]
[EventDate "2007.07.03"]
[EventType "swiss"]
[EventRounds "7"]
[EventCountry "CAN"]
[SourceTitle "EXT 2022"]
[Source "ChessBase"]
[SourceDate "2021.10.06"]
[SourceVersion "1"]
[SourceVersionDate "2021.10.06"]
[SourceQuality "1"]

1. d4 d5 2. c4 c6 3. cxd5 cxd5 4. Nc3 Nc6 5. Nf3 Nf6 6. Bf4 Bf5 7. e3 e6 8. Bb5 Bd6 9. Be5 O-O 10. O-O Bxe5 11. Nxe5 Nxe5 12. dxe5 Ne4 13. Ne2 Qg5 14. Nf4 Rac8 15. Qe2 a6 16. Bd3 Nc5 17. Bxf5 Qxf5 18. Qh5 Qxh5 19. Nxh5 Nd3 20. b3 Nxe5 21. Nf4 Rc2 22. Rfc1 Rfc8 23. Ne2 Rxc1+ 24. Rxc1 Rxc1+ 25. Nxc1 Kf8 26. Kf1 Ke7 27. Ke2 Kd6 28. f4 Ng4 29. h3 Nf6 30. Nd3 Ne4 31. g4 Nc3+ 32. Kd2 Nxa2 33. b4 b6 34. Kc2 a5 35. bxa5 bxa5 36. Kb3 Nb4 37. Nxb4 axb4 38. Kxb4 e5 39. fxe5+ Kxe5 40. Kc5 Ke4 41. Kd6 Kxe3 42. Kxd5 Kf4 43. Kd6 Kg3 44. Ke7 Kxh3 45. g5 Kg4 46. Kxf7 Kxg5 47. Kxg7 h5 48. Kf7 h4 49. Ke6 h3 50. Ke5 h2 51. Ke4 h1=Q+ 52. Kd4 Kf4 53. Kd3 Qd5+ 54. Kc3 Ke3 55. Kb4 Kd4 56. Ka3 Qb7 57. Ka2 Kc3 58. Ka1 Qb2# 0-1